| 000 | 00590nam a22001931a 4500 | ||
|---|---|---|---|
| 001 | 10801 | ||
| 003 | OSt | ||
| 005 | 20260204212213.0 | ||
| 008 | 100310s2000||||ck ||||||b||||||||||spa|| | ||
| 020 | _a8475842607 | ||
| 050 | _a371.102 R618p | ||
| 082 | _a371.102 R618p | ||
| 100 | _aRodríguez Moreno, María Luisa | ||
| 245 | _aPrograma para aprender a tomar decisiones / María Luisa Rodríguez Moreno, Inmaculada Dario Alcaroz y Magdalena Morey Vieh | ||
| 264 | _aColombia : Laertes | ||
| 300 | _a192 p | ||
| 650 | _aPedagogía 2.Enseñanza - Toma de DecisionesÌ | ||
| 942 |
_2ddc _cBK |
||
| 999 |
_c10801 _d10801 |
||